Logos by their Products #1 - Statistics

General Stats
  • This quiz has been taken 41 times
  • The average score is 12 of 20
Answer Stats
Picture Answer % Correct
KFC
91%
Lego
91%
Pringles
91%
Burger King
84%
Starbucks
84%
Lay's
78%
Dunkin' Donuts
75%
McDonald's
75%
Nutella
69%
NFL
66%
Apple
63%
Volkswagen
63%
Samsung
53%
Silk
53%
Gucci
50%
Baskin-Robbins
38%
Smarties
34%
Squishmallows
28%
Heinz Tomato Ketchup
22%
H&M
22%
No matching quizzes found
Score Distribution
Percent of People with Each Score
Percentile by Number Answered
Your Score History
You have not taken this quiz